| 000 | 00642ntaaa2200193 4500 | ||
|---|---|---|---|
| 003 | 01 | ||
| 005 | 20251027202401.0 | ||
| 008 | 0714s1973 ag 01 | ||
| 040 |
_aAR-BaBN _bspa _cAR-BaBN _eaacr _dRIC |
||
| 082 | _a282.0638 Ig4e | ||
| 100 | _aIglesia Católica Conferencia Episcopal Latinoamericana | ||
| 245 | _aLa evangelización en el presente y en el futuro de América Latina | ||
| 250 | _a1 ed. | ||
| 260 |
_aBuenos Aires : _bConferencia Episcopal Argentina, _c1979 |
||
| 300 | _a375 (383) p | ||
| 500 | _aIII Conferencia General del Episcopado Latinoamericano | ||
| 650 |
_aConferencia Episcopal Latinoamericana _914599 |
||
| 942 | _cBK | ||
| 999 |
_c18735 _d18735 |
||